=LDR 00000nam 2200000 4500 =001 000490 =005 20250712030421 =035 ##$$a 0010-0725000352 =007 ta =008 250712################a##########0#ind## =020 ##$$a 978-623-118-801-4 =082 ##$$a 398.209 598 =100 #$$a Syahputra, Joni =245 1#$$a Ada monster di kolam /$c Joni Syahputra =250 ##$$a Kedua =260 ##$$a Jakarta :$b Badan pengembangan dan pembinaan bahasa,$c 2022 =300 ##$$a 24 hlm. : $b ilus. ; $c 29,7 cm =650 #4$$a Cerita anak Indonesia =650 #4$$a Cerita bergambar =700 #$$a EorG =084 ##$$a 398.209 598 SYA a =990 ##$$a TBM202400243